000
00418nam a22000977a 4500
999
_c
58298
_d
58298
008
211101s1950 ge ||||| |||| 00| 0 geo d
080
_a
3K11 რ-98
100
_a
მარქსი, კ. ენგელსი, ფ.
_9
12776
245
_a
რჩეული ნაწერები ორ ტომად :
_b
ტომი 1 /
_c
კ. მარქსი, ფ. ენგელსი.
264
_a
თბოლისი,
_c
1950.